Магнитно-минералогические и палеомагнитные исследования красноцветов (на примере отложений верхней перми и нижнего триаса Русской плиты)

Detalles Bibliográficos
Outros autores: Боронин В. П. (редактор)
Idioma:ruso
Publicado: Казань, Изд-во Казанского ун-та, 1989
Subjects:
Formato: MixedMaterials Libro
KOHA link:https://koha.lib.tpu.ru/cgi-bin/koha/opac-detail.pl?biblionumber=250235

MARC

LEADER 00000nam0a2200000 4500
001 250235
005 20231101232538.0
010 |a 5746402133 
035 |a (RuTPU)RU\TPU\book\272413 
090 |a 250235 
100 |a 20140212d1989 k y0rusy50 ca 
101 0 |a rus 
102 |a RU 
105 |a a z 001zy 
200 1 |a Магнитно-минералогические и палеомагнитные исследования красноцветов (на примере отложений верхней перми и нижнего триаса Русской плиты)  |f науч. ред. В. П. Боронин 
210 |a Казань  |c Изд-во Казанского ун-та  |d 1989 
215 |a 135 с.  |c ил. 
320 |a Библиогр.: с. 126-132. 
606 1 |a Красноцветные отложения  |x Петрография  |2 stltpush  |3 (RuTPU)RU\TPU\subj\16125  |9 42307 
610 1 |a магнитные измерения 
610 1 |a магнитно-минералогические исследования 
610 1 |a диаграммы Прейзаха-Нееля 
610 1 |a геомагнитное поле 
610 1 |a пермский период 
610 1 |a триасовые отложения 
610 1 |a тонкая структура 
610 1 |a осадочные породы 
675 |a 552.56  |v 3 
702 1 |a Боронин  |b В. П.  |4 340 
801 1 |a RU  |b 63413507  |c 20140212 
801 2 |a RU  |b 63413507  |c 20140217  |g RCR 
942 |c BK